Política de desenvolupament de la col·lecció del Servei de Biblioteques de la Diputació de Barcelona : 2003 / 2003 /
Descripción Física:
84 p. : taules ; 30 cm
MARC
| LEADER | 00000nam a2200000Ia 4500 | ||
|---|---|---|---|
| 001 | 16794 | ||
| 008 | 160829s2003 xx 000 0 cat d | ||
| 080 | |a A-2-226 | ||
| 245 | |a Política de desenvolupament de la col·lecció del Servei de Biblioteques de la Diputació de Barcelona : |b 2003 / |c coordinació: Elisabeth Gibert Riba, Glòria Pérez Salmerón ; revisió: Assumpta Bailac i Puigdellívol ; col·laboració: Consol Garcia Grau, Núria Pi Vendrell, Montse Puig Zuza | ||
| 260 | |a Barcelona : |b Diputació de Barcelona. Àrea de Cultura. Servei de Biblioteques, |c 2003 | ||
| 300 | |a 84 p. : |b taules ; |c 30 cm | ||
| 590 | |a Hi ha un exemplar en castellà amb R. 19352 | ||
| 610 | 0 | |a Barcelona (Catalunya : Província). |b Servei de Biblioteques |9 4217 | |
| 650 | 0 | |a Biblioteques públiques |x Desenvolupament de les col·leccions |9 20550 | |
| 650 | 0 | |a Biblioteques públiques |x Desenvolupament de les col·leccions |9 20550 | |
| 700 | 1 | |a Gibert Riba, Elisabeth |e coordinador |9 20553 | |
| 700 | |a Pérez Salmerón, Glòria, coord. |9 20554 |e coordinador | ||
| 700 | 1 | |a Bailac i Pugdellívol, Assumpta, |d 1951- |e editor |9 44922 | |
| 700 | |a Garcia Grau, Consol |9 20556 |e autor | ||
| 700 | |a Pi Vendrell, Núria |9 37751 |e autor | ||
| 700 | |a Puig Zuza, Montse |9 20558 |e autor | ||
| 710 | |a Barcelona (Catalunya : Província). |b Servei de Biblioteques |e entitat editora |9 4217 | ||
| 901 | |a Arxiu | ||
| 942 | |n 1 |2 udc |c ARXIU | ||
| 952 | |0 0 |1 0 |4 0 |6 A2226 |7 1 |9 41584 |a Arxiu |b Arxiu |d 2016-12-01 |l 0 |o A-2-226 |p 16794 |r 2016-12-01 00:00:00 |w 2016-12-01 |y ARXIU | ||
| 999 | |c 43474 |d 43474 | ||